Metamorphic verse : the Elizabethan minor epic /

Bibliographic Details
Main Author: Hulse, Clark, 1947-
Format: Book
Language:English
Published: Princeton, N.J. : Princeton University Press, [1981]
Subjects:

MARC

Tag First Indicator Second Indicator Subfields
LEADER 00000pam a2200000 a 4500
001 in00000081843
005 20151008054154.0
008 810410s1981 njua b 00110 eng
010 |a  81047135  
020 |a 0691064830 :  |c $18.50 
035 |a (OCoLC)07460232 
035 |9 AAH9860AM 
039 0 |a 2  |b 3  |c 3  |d 3  |e 3 
040 |a DLC  |c DLC  |d TXA  |d UtOrBLW 
043 |a e-uk--- 
049 |a TXAM  |c [1672356] 
050 0 0 |a PR539.E64  |b H8 
082 0 |a 821/.03/09  |2 19 
100 1 |a Hulse, Clark,  |d 1947- 
245 1 0 |a Metamorphic verse :  |b the Elizabethan minor epic /  |c Clark Hulse. 
264 1 |a Princeton, N.J. :  |b Princeton University Press,  |c [1981] 
264 4 |c ©1981 
300 |a xiv, 296 pages :  |b illustrations ;  |c 23 cm. 
336 |a text  |b txt  |2 rdacontent 
337 |a unmediated  |b n  |2 rdamedia 
338 |a volume  |b nc  |2 rdacarrier 
504 |a Includes bibliographical references and index. 
650 0 |a English poetry  |y Early modern, 1500-1700  |x History and criticism. 
650 0 |a Epic poetry, English  |x History and criticism. 
650 0 |a Metamorphosis in literature. 
999 |a MARS 
999 f f |s 668df9d3-e111-39ee-b5cd-1b47e386b5bd  |i fcdfd2d4-f7ad-3113-9ac7-71ded1aebfbf  |t 0 
952 f f |p normal  |a Texas A&M University  |b College Station  |c Sterling C. Evans Library  |d Evans: Library Stacks  |t 0  |e PR539.E64 H8  |h Library of Congress classification  |i unmediated -- volume  |m A14806182904 
998 f f |a PR539.E64 H8  |t 0  |l Evans: Library Stacks